[Event "Nordisk Senior Mesterskab 2013"]
[Site "Allinge"]
[Date "2013.09.14"]
[Round "7"]
[White "Grahn, Lars"]
[Black "Larsen, Arne Walther"]
[Result "1-0"]
[WhiteElo "1968"]
[BlackElo "1873"]
[PlyCount "81"]
[EventDate "2013.??.??"]

1. d4 Nf6 2. c4 c5 3. d5 b5 4. cxb5 a6 5. bxa6 Bxa6 6. Nc3 g6 7. e4 d6 8. Bxa6
Nxa6 9. Nf3 Bg7 10. O-O O-O 11. Nd2 Nc7 12. Nc4 Nd7 13. Bf4 Qb8 14. Qe2 Nb5 15.
Qd3 Nd4 16. Rfe1 Nb6 17. b3 Nxc4 18. bxc4 Ra3 19. Bd2 Qa7 20. Kf1 Nb3 21. Nb5
Nxd2+ 22. Qxd2 Qa5 23. Qxa5 Rxa5 24. Rac1 Rxa2 25. Re2 Rfa8 26. Rcc2 Rxc2 27.
Rxc2 Ra4 28. Ke2 Rb4 29. Na7 Rb2 30. Rxb2 Bxb2 31. Nc6 Kf8 32. f4 f6 33. Kf3 h6
34. e5 fxe5 35. fxe5 dxe5 36. Ke4 Ke8 37. Nxe5 Bxe5 38. Kxe5 Kd7 39. h4 h5 40.
g3 e6 41. dxe6+ 1-0

[Event "Nordisk Senior Mesterskab 2013"]
[Site "Allinge"]
[Date "2013.09.14"]
[Round "7"]
[White "Kristjansson, Sigurdur"]
[Black "Malmdin, Nils Ake"]
[Result "1/2-1/2"]
[WhiteElo "1912"]
[BlackElo "2230"]
[PlyCount "131"]
[EventDate "2013.??.??"]

1. c4 g6 2. Nf3 Bg7 3. g3 c5 4. Bg2 Nc6 5. O-O d6 6. d3 Bf5 7. Nc3 Qd7 8. Rb1
Bh3 9. Nd5 Bxg2 10. Kxg2 e6 11. Nc3 Nge7 12. e4 O-O 13. a3 b6 14. Bf4 Rad8 15.
Qc1 f5 16. Bh6 Nd4 17. Bxg7 Kxg7 18. Nxd4 cxd4 19. Ne2 fxe4 20. dxe4 e5 21. b3
Rc8 22. Qd2 b5 23. cxb5 Qxb5 24. f3 Rc6 25. Rb2 Rfc8 26. Rc1 a5 27. Qg5 Qb7 28.
h4 d3 29. Rxc6 Rxc6 30. Nc1 Rc2+ 31. Rxc2 dxc2 32. Qd2 Qc7 33. b4 axb4 34. Qxb4
Qc5 35. Qxc5 dxc5 36. Kf2 Kf7 37. Ke3 Nc6 38. Kd3 Ke6 39. f4 Nd4 40. a4 exf4
41. gxf4 Kd6 42. Kc4 Kc6 43. Kc3 h5 44. Kd3 Nf3 45. Kxc2 Nxh4 46. Kd3 Ng2 47.
f5 Nf4+ 48. Ke3 g5 49. f6 h4 50. Ne2 h3 51. f7 Ne6 52. Kf3 Kd7 53. a5 Ke7 54.
a6 Kxf7 55. Kg4 h2 56. Ng3 Nc7 57. a7 Ke6 58. Kxg5 Ke5 59. Kg4 h1=Q 60. Nxh1
Kxe4 61. Ng3+ Kd5 62. Kf4 Kc6 63. Ke5 Kb6 64. Kd6 Nb5+ 65. Kd5 Nxa7 66. Ne4
1/2-1/2

[Event "Nordisk Senior Mesterskab 2013"]
[Site "Allinge"]
[Date "2013.09.14"]
[Round "7"]
[White "Baliuniene, Margarita"]
[Black "Berkell, Peder"]
[Result "1-0"]
[WhiteElo "1834"]
[BlackElo "2201"]
[PlyCount "97"]
[EventDate "2013.??.??"]

1. d4 Nf6 2. c4 c5 3. d5 e6 4. Nc3 exd5 5. cxd5 d6 6. e4 g6 7. Nf3 a6 8. a4 Bg4
9. Be2 Bxf3 10. Bxf3 Bg7 11. O-O O-O 12. Re1 Nbd7 13. Bf4 Qe7 14. a5 h5 15. h3
Nh7 16. Rb1 Rab8 17. Be2 Ne5 18. Na4 Qh4 19. Bg3 Qd8 20. Nb6 h4 21. Bh2 Re8 22.
b4 cxb4 23. Rxb4 Qe7 24. Qb3 Qc7 25. Qa3 Bh6 26. Nc4 Nf8 27. Bxe5 dxe5 28. Bg4
Qc5 29. Rd1 Bf4 30. Qb3 Bg3 31. Ne3 Bf4 32. d6 Bxe3 33. fxe3 Qxa5 34. d7 Re7
35. Rxb7 Rd8 36. Rb8 Rexd7 37. Bxd7 Rxd7 38. Rf1 Kg7 39. Rb7 Rxb7 40. Qxb7 Qa2
41. Qd5 Qxd5 42. exd5 Nd7 43. Ra1 Kf6 44. Rxa6+ Ke7 45. Kf2 Nc5 46. Rb6 e4 47.
Ke2 g5 48. Kd2 f6 49. Rc6 1-0

[Event "Nordisk Senior Mesterskab 2013"]
[Site "Allinge"]
[Date "2013.09.14"]
[Round "7"]
[White "Petersson, Gosta"]
[Black "Hvenekilde, Jorgen"]
[Result "1/2-1/2"]
[WhiteElo "2167"]
[BlackElo "2120"]
[PlyCount "32"]
[EventDate "2013.??.??"]

1. c4 g6 2. Nc3 Bg7 3. g3 d6 4. Bg2 Nc6 5. a3 a6 6. Rb1 Bf5 7. e4 Bd7 8. Nge2
Qc8 9. Nd5 e6 10. Ne3 e5 11. b4 Bh3 12. Bf3 Nf6 13. d3 O-O 14. Bb2 Re8 15. Rc1
Qd7 16. Ng1 Be6 1/2-1/2

[Event "Nordisk Senior Mesterskab 2013"]
[Site "Allinge"]
[Date "2013.09.14"]
[Round "7"]
[White "Patola, Eero"]
[Black "Grabow, Pouelsten Holm"]
[Result "0-1"]
[WhiteElo "1956"]
[BlackElo "2157"]
[PlyCount "120"]
[EventDate "2013.??.??"]

1. c4 c5 2. Nc3 Nc6 3. g3 g6 4. Bg2 Bg7 5. e4 d6 6. d3 Rb8 7. Nge2 a6 8. f4 Bg4
9. h3 Bxe2 10. Nxe2 b5 11. e5 Qc7 12. cxb5 axb5 13. a4 b4 14. exd6 exd6 15. O-O
Nge7 16. g4 f5 17. Rb1 Qd7 18. g5 O-O 19. b3 Na5 20. Bb2 d5 21. Bxg7 Kxg7 22.
Qc2 Rfc8 23. Kh2 Rb6 24. Ng1 c4 25. dxc4 dxc4 26. bxc4 Rxc4 27. Qb2+ Qd4 28.
Qe2 Qd6 29. Rbd1 Qc7 30. Qb2+ Kg8 31. Qd2 Nac6 32. Bd5+ Nxd5 33. Qxd5+ Qf7 34.
Qxf7+ Kxf7 35. Rd7+ Ke6 36. Rd3 b3 37. Re1+ Re4 38. Rb1 Na5 39. Kg3 Rxa4 40.
Ne2 Rd6 41. Re3+ Re4 42. Kf3 Rxe3+ 43. Kxe3 Nc4+ 44. Kf2 b2 45. Nc3 Rd3 46. Na4
Ra3 47. Nxb2 Ra2 48. Re1+ Kf7 49. Rc1 Rxb2+ 50. Kg3 Rb3+ 51. Kh4 Ne3 52. Rg1
Rb4 53. Rf1 Rxf4+ 54. Rxf4 Ng2+ 55. Kg3 Nxf4 56. Kxf4 Ke6 57. h4 Kd5 58. h5 Kd4
59. h6 Kd5 60. Kg3 Ke5 0-1

[Event "Nordisk Senior Mesterskab 2013"]
[Site "Allinge"]
[Date "2013.09.14"]
[Round "7"]
[White "Flodmark, Tarras"]
[Black "Bjorgvik, Jan Arne"]
[Result "1/2-1/2"]
[WhiteElo "1900"]
[BlackElo "1840"]
[PlyCount "134"]
[EventDate "2013.??.??"]

1. d4 d5 2. Nf3 e6 3. c4 Nf6 4. e3 Be7 5. Nc3 O-O 6. Bd3 c6 7. b3 Re8 8. O-O b6
9. Bb2 Bb7 10. e4 dxe4 11. Nxe4 c5 12. Qe2 Qc7 13. dxc5 bxc5 14. Nxf6+ gxf6 15.
Be4 Nd7 16. Rad1 Nf8 17. Bxb7 Qxb7 18. Nd2 Ng6 19. Ne4 e5 20. Bc1 f5 21. Nd6
Bxd6 22. Rxd6 Red8 23. Rfd1 Rxd6 24. Rxd6 a5 25. Qd1 f4 26. Qd5 Qxd5 27. Rxd5
a4 28. Rxc5 axb3 29. a3 Ne7 30. Kf1 f6 31. Ke2 Nf5 32. Bb2 Nd4+ 33. Kd3 Nc2 34.
Kc3 Nd4 35. Rc7 Rb8 36. a4 Ne6 37. Rc6 Kf7 38. a5 e4 39. Rb6 Ra8 40. Rb5 e3 41.
fxe3 fxe3 42. Kd3 Rc8 43. Kxe3 Rxc4 44. Rxb3 Rc8 45. Rb7+ Kg6 46. Bd4 Nxd4 47.
Kxd4 Rc2 48. g3 Rxh2 49. Kc5 Ra2 50. Kb6 h5 51. a6 Rb2+ 52. Kc7 Ra2 53. a7 Kf5
54. Kb8 Kg4 55. Rb3 f5 56. Kb7 f4 57. gxf4 Kxf4 58. Rb6 Rxa7+ 59. Kxa7 h4 60.
Rh6 Kg4 61. Kb6 h3 62. Kc5 Kg3 63. Rg6+ Kf3 64. Rh6 Kg2 65. Kd4 h2 66. Ke3 h1=Q
67. Rxh1 Kxh1 1/2-1/2

[Event "Nordisk Senior Mesterskab 2013"]
[Site "Allinge"]
[Date "2013.09.14"]
[Round "7"]
[White "Nielsen, Jens Holm"]
[Black "Thjomoe, Hans Richard"]
[Result "0-1"]
[WhiteElo "1847"]
[BlackElo "1862"]
[PlyCount "120"]
[EventDate "2013.??.??"]

1. f4 e5 2. e4 d5 3. exd5 e4 4. d3 Nf6 5. dxe4 Nxe4 6. Qe2 Qxd5 7. Nc3 Bb4 8.
Bd2 Qxd2+ 9. Qxd2 Nxd2 10. Kxd2 O-O 11. Bd3 Nd7 12. a3 Bd6 13. Rf1 Nc5 14. Nge2
Nxd3 15. cxd3 Bd7 16. Ne4 Be7 17. Rhg1 Rad8 18. N2c3 Bc6 19. g4 b5 20. b4 a5
21. Nc5 axb4 22. axb4 Rd4 23. Na6 Rfd8 24. Rg3 Bxb4 25. Nxb4 Rxb4 26. Kc2 Rbd4
27. Rb1 Rxf4 28. Nxb5 Bxb5 29. Rxb5 Rf2+ 30. Kc3 Rxh2 31. Rb7 Rh1 32. Kd2 Rc8
33. d4 h5 34. gxh5 Rxh5 35. Kd3 c5 36. Rf3 c4+ 37. Kc3 f6 38. Rg3 Rg5 39. Re3
Ra5 40. Ree7 Ra3+ 41. Kc2 Rg3 42. d5 Rd8 43. Rbd7 Rxd7 44. Rxd7 Rd3 45. d6 g5
46. Rd8+ Kf7 47. Rd7+ Ke6 48. Rc7 Rxd6 49. Rxc4 Ke5 50. Rc7 g4 51. Rc5+ Kf4 52.
Rc4+ Kf3 53. Rc3+ Kf2 54. Rc4 g3 55. Rf4+ Kg1 56. Rg4 g2 57. Rf4 f5 58. Rxf5
Rh6 59. Kd2 Kh1 60. Ke2 g1=Q 0-1

[Event "Nordisk Senior Mesterskab 2013"]
[Site "Allinge"]
[Date "2013.09.14"]
[Round "7"]
[White "Kraft, Rene"]
[Black "Ottesen, Soren Rud"]
[Result "0-1"]
[WhiteElo "1696"]
[BlackElo "1768"]
[PlyCount "86"]
[EventDate "2013.??.??"]

1. c4 e5 2. Nc3 Nf6 3. b3 d5 4. cxd5 Nxd5 5. Nxd5 Qxd5 6. e3 Nc6 7. Nf3 e4 8.
Bc4 Qd8 9. Ng1 Ne5 10. Bb2 Bg4 11. Qb1 Nd3+ 12. Bxd3 Qxd3 13. f3 Qxb1+ 14. Rxb1
exf3 15. gxf3 Bh5 16. Kf2 O-O-O 17. d4 f6 18. Ne2 Bd6 19. Ng3 Bg6 20. Rbc1 Rhe8
21. Rhe1 h5 22. h4 Rd7 23. e4 Rde7 24. a3 Bf4 25. Rc2 f5 26. e5 Bxg3+ 27. Kxg3
f4+ 28. Kxf4 Bxc2 29. b4 Rf8+ 30. Ke3 Bb3 31. f4 b5 32. Rf1 Kd7 33. Rf2 Ke6 34.
Rg2 Ref7 35. Rf2 Bd5 36. Bc1 Kf5 37. Rc2 c6 38. Rh2 Re8 39. Bd2 Re6 40. Be1 Rg6
41. Rh3 Rg4 42. Rg3 Rxg3+ 43. Bxg3 Kg4 0-1

[Event "Nordisk Senior Mesterskab 2013"]
[Site "Allinge"]
[Date "2013.09.14"]
[Round "7"]
[White "Zachariassen, John"]
[Black "Brogaard, Lars"]
[Result "1-0"]
[WhiteElo "1900"]
[BlackElo "1567"]
[PlyCount "29"]
[EventDate "2013.??.??"]

1. c4 f5 2. Nf3 g6 3. g3 Bg7 4. Bg2 c6 5. O-O Nh6 6. Nc3 O-O 7. d4 d6 8. Rb1
Qe8 9. b4 Na6 10. a4 Nf7 11. b5 Nc7 12. Ba3 e5 13. bxc6 bxc6 14. dxe5 Bd7 15.
Bxd6 1-0

[Event "Nordisk Senior Mesterskab 2013"]
[Site "Allinge"]
[Date "2013.09.14"]
[Round "7"]
[White "Haagen Larsen, Hans"]
[Black "Lykke, Hans Christian"]
[Result "1-0"]
[WhiteElo "1704"]
[BlackElo "1252"]
[PlyCount "67"]
[EventDate "2013.??.??"]

1. d4 e5 2. d5 Nf6 3. c4 Bc5 4. e3 d6 5. Nc3 O-O 6. Qc2 Re8 7. Bd3 h6 8. Bd2
Na6 9. a3 Qe7 10. Ne4 c6 11. dxc6 bxc6 12. Nxf6+ Qxf6 13. Ne2 Nc7 14. O-O Rb8
15. b4 Bd4 16. exd4 exd4 17. Rae1 c5 18. Ng3 Bb7 19. b5 a6 20. a4 axb5 21. axb5
Ne6 22. Ne4 Qg6 23. f3 Bxe4 24. Bxe4 Qh5 25. Bc6 Rf8 26. f4 Nd8 27. Bd5 Kh8 28.
f5 f6 29. Re7 Nf7 30. Bf3 Qh4 31. g3 Qh3 32. Bg2 Qg4 33. Rf4 Qg5 34. Rh4 1-0

[Event "Nordisk Senior Mesterskab 2013"]
[Site "Allinge"]
[Date "2013.09.15"]
[Round "8"]
[White "Grahn, Lars"]
[Black "Kristiansen, Jens"]
[Result "0-1"]
[WhiteElo "1968"]
[BlackElo "2403"]
[PlyCount "68"]
[EventDate "2013.??.??"]

1. d4 d6 2. c4 Nf6 3. Nc3 Nbd7 4. Nf3 e5 5. g3 g6 6. Bg2 Bg7 7. O-O O-O 8. b3
Re8 9. e3 c6 10. Qc2 Qa5 11. a4 a6 12. Ba3 e4 13. Nd2 d5 14. b4 Qd8 15. cxd5
cxd5 16. Qb3 Nf8 17. b5 h5 18. h3 Ne6 19. f4 exf3 20. Nxf3 Bh6 21. Rae1 axb5
22. axb5 Ng7 23. Ne5 Be6 24. Kh2 Nf5 25. Bc1 Qd6 26. Kg1 Ne4 27. g4 hxg4 28.
Nxg4 Bg5 29. Nxe4 dxe4 30. Qb1 Bc4 31. Ne5 Bxf1 32. Rxf1 Re7 33. Qb3 Nxd4 34.
Nxf7 Nxb3 0-1

[Event "Nordisk Senior Mesterskab 2013"]
[Site "Allinge"]
[Date "2013.09.15"]
[Round "8"]
[White "Karason, Askell Orn"]
[Black "Olafsson, Fridrik"]
[Result "1/2-1/2"]
[WhiteElo "2205"]
[BlackElo "2407"]
[PlyCount "28"]
[EventDate "2013.??.??"]

1. d4 g6 2. e4 d6 3. c3 Nf6 4. Nd2 Bg7 5. Ngf3 Nc6 6. Bc4 O-O 7. O-O e5 8. dxe5
Nxe5 9. Nxe5 dxe5 10. Qb3 Nd7 11. Rd1 Nb6 12. Be2 Be6 13. Qc2 Qe7 14. a4 a5
1/2-1/2

[Event "Nordisk Senior Mesterskab 2013"]
[Site "Allinge"]
[Date "2013.09.15"]
[Round "8"]
[White "Nyberg, Ulf"]
[Black "Sloth, Jorn"]
[Result "1/2-1/2"]
[WhiteElo "2130"]
[BlackElo "2330"]
[PlyCount "72"]
[EventDate "2013.??.??"]

1. e4 Nf6 2. e5 Nd5 3. d4 d6 4. c4 Nb6 5. exd6 cxd6 6. Nc3 g6 7. Be3 Bg7 8. Rc1
Nc6 9. d5 Ne5 10. Be2 O-O 11. b3 Re8 12. Nf3 Ng4 13. Bf4 Nd7 14. h3 Nge5 15.
Nd4 a6 16. O-O Nf8 17. Qd2 e6 18. Rfd1 exd5 19. Nxd5 Ne6 20. Be3 Nxd4 21. Bxd4
Be6 22. Bb6 Qh4 23. Be3 Bxd5 24. Qxd5 Bh6 25. Rd4 Bxe3 26. Rxh4 Bxc1 27. Qxb7
a5 28. Rd4 Ba3 29. g3 Bc5 30. Rd2 Ra7 31. Qd5 Rae7 32. Kg2 Nd7 33. Bg4 Nf6 34.
Qc6 Nxg4 35. hxg4 Re2 36. Kf3 Rxd2 1/2-1/2

[Event "Nordisk Senior Mesterskab 2013"]
[Site "Allinge"]
[Date "2013.09.15"]
[Round "8"]
[White "Grabow, Pouelsten Holm"]
[Black "Gromark, Per Olof"]
[Result "1-0"]
[WhiteElo "2157"]
[BlackElo "2118"]
[PlyCount "49"]
[EventDate "2013.??.??"]

1. d4 Nf6 2. Nf3 g6 3. g3 Bg7 4. Bg2 d5 5. O-O O-O 6. c4 dxc4 7. Na3 c3 8. bxc3
c5 9. e3 Bf5 10. Bb2 Qb6 11. Qe2 Nc6 12. Rfd1 Be4 13. Nc4 Qa6 14. Bf1 b5 15.
Ncd2 c4 16. Nxe4 Nxe4 17. a4 Na5 18. Qc2 f5 19. Ba3 bxa4 20. Bxe7 Rfe8 21. Bb4
Nc6 22. Rxa4 Qb5 23. Qa2 Nxb4 24. Rxb4 Nxc3 25. Rxb5 1-0

[Event "Nordisk Senior Mesterskab 2013"]
[Site "Allinge"]
[Date "2013.09.15"]
[Round "8"]
[White "Svensson, Lars Ake"]
[Black "Johnsen, Gunnar"]
[Result "1/2-1/2"]
[WhiteElo "1977"]
[BlackElo "2171"]
[PlyCount "48"]
[EventDate "2013.??.??"]

1. e4 e6 2. d3 d5 3. Nd2 c5 4. Ngf3 Nc6 5. g3 Nf6 6. Bg2 Be7 7. O-O O-O 8. Re1
b5 9. e5 Nd7 10. Nf1 a5 11. h4 Ba6 12. N1h2 b4 13. Bf4 a4 14. Bf1 c4 15. dxc4
dxc4 16. Ng5 Ndxe5 17. Bxe5 Nxe5 18. Rxe5 f6 19. Nxe6 Qxd1 20. Rxd1 fxe5 21.
Nxf8 Kxf8 22. Ng4 Bf6 23. b3 cxb3 24. cxb3 axb3 1/2-1/2

[Event "Nordisk Senior Mesterskab 2013"]
[Site "Allinge"]
[Date "2013.09.15"]
[Round "8"]
[White "Hvenekilde, Jorgen"]
[Black "Baliuniene, Margarita"]
[Result "1/2-1/2"]
[WhiteElo "2120"]
[BlackElo "1834"]
[PlyCount "27"]
[EventDate "2013.??.??"]

1. e4 c5 2. Nf3 d6 3. d4 cxd4 4. Nxd4 Nf6 5. Nc3 g6 6. Be2 Bg7 7. Be3 O-O 8.
O-O a6 9. Kh1 Nbd7 10. a4 Qc7 11. f3 Ne5 12. Bg1 Bd7 13. Qc1 Rac8 14. Rd1
1/2-1/2

[Event "Nordisk Senior Mesterskab 2013"]
[Site "Allinge"]
[Date "2013.09.15"]
[Round "8"]
[White "Bjorgvik, Jan Arne"]
[Black "Kristjansson, Sigurdur"]
[Result "1/2-1/2"]
[WhiteElo "1840"]
[BlackElo "1912"]
[PlyCount "113"]
[EventDate "2013.??.??"]

1. e4 Nf6 2. Nc3 d5 3. exd5 Nxd5 4. Bc4 c6 5. Nxd5 cxd5 6. Bb5+ Bd7 7. Bxd7+
Nxd7 8. d4 g6 9. Nf3 Bg7 10. O-O O-O 11. Re1 e6 12. c3 Qb6 13. Qb3 Rac8 14. Be3
a6 15. Rac1 Qc6 16. Nd2 b5 17. a3 Rfe8 18. Qd1 Qd6 19. Nf3 a5 20. Re2 a4 21.
Qd3 Qc6 22. Rec2 Qc4 23. Qf1 Qxf1+ 24. Kxf1 Ra8 25. Bf4 Nb6 26. Re1 Nc4 27. Ne5
f6 28. Nd3 e5 29. dxe5 fxe5 30. Nxe5 Bxe5 31. Rce2 Nxb2 32. Bxe5 Nc4 33. f4
Nxa3 34. Rd1 Nc4 35. Rxd5 a3 36. Re1 a2 37. Rdd1 Ne3+ 38. Rxe3 a1=Q 39. Rxa1
Rxa1+ 40. Kf2 Kf7 41. Rd3 Ra7 42. g4 Rb7 43. h4 b4 44. cxb4 Rxb4 45. Kg3 Rb7
46. g5 Ke6 47. Kg4 Rd7 48. Ra3 Ree7 49. Re3 Rf7 50. Ra3 Rd1 51. Ra6+ Ke7 52.
Bf6+ Kd7 53. Ra7+ Ke6 54. Ra6+ Kd5 55. Ra5+ Ke6 56. Ra6+ Rd6 57. Ra5 1/2-1/2

[Event "Nordisk Senior Mesterskab 2013"]
[Site "Allinge"]
[Date "2013.09.15"]
[Round "8"]
[White "Berkell, Peder"]
[Black "Flodmark, Tarras"]
[Result "1/2-1/2"]
[WhiteElo "2201"]
[BlackElo "1900"]
[PlyCount "33"]
[EventDate "2013.??.??"]

1. Nf3 Nf6 2. c4 c5 3. e3 e6 4. Be2 Nc6 5. O-O Be7 6. b3 O-O 7. Bb2 d6 8. d3
Nd7 9. a3 Bf6 10. Qc2 Bxb2 11. Qxb2 Qf6 12. Ra2 Qxb2 13. Rxb2 a5 14. Nc3 Nf6
15. Rc1 Rd8 16. h3 b6 17. Rd2 1/2-1/2

[Event "Nordisk Senior Mesterskab 2013"]
[Site "Allinge"]
[Date "2013.09.15"]
[Round "8"]
[White "Haagen Larsen, Hans"]
[Black "Patola, Eero"]
[Result "0-1"]
[WhiteElo "1704"]
[BlackElo "1956"]
[PlyCount "92"]
[EventDate "2013.??.??"]

1. d4 f5 2. Bf4 Nf6 3. e3 g6 4. Nd2 Bg7 5. c3 c6 6. Be2 d6 7. h3 h6 8. Ngf3 O-O
9. Qb3+ Kh7 10. O-O-O Qb6 11. Nh2 Qxb3 12. axb3 a5 13. g4 a4 14. b4 Nd5 15. Bg3
a3 16. Ndf3 g5 17. Bd3 Nb6 18. bxa3 Kh8 19. gxf5 Bxf5 20. Bxf5 Rxf5 21. e4 Rf7
22. Kb2 Nc4+ 23. Kb3 b5 24. Ra1 Nd7 25. a4 Raf8 26. axb5 cxb5 27. Ra7 Ndb6 28.
e5 dxe5 29. Nxe5 Nxe5 30. dxe5 e6 31. Ra6 Rb7 32. Rd1 h5 33. h4 gxh4 34. Bxh4
Bxe5 35. Bg3 Bxg3 36. fxg3 Rf2 37. Nf1 Na4 38. Nd2 Rd7 39. Kc2 Rc7 40. Rxa4
bxa4 41. Kd3 a3 42. Ke3 Rg2 43. Ne4 Ra7 44. Ra1 a2 45. Kd4 Rb2 46. Nc5 Rb1 0-1

[Event "Nordisk Senior Mesterskab 2013"]
[Site "Allinge"]
[Date "2013.09.15"]
[Round "8"]
[White "Ottesen, Soren Rud"]
[Black "Zachariassen, John"]
[Result "1/2-1/2"]
[WhiteElo "1768"]
[BlackElo "1900"]
[PlyCount "108"]
[EventDate "2013.??.??"]

1. e4 d6 2. d4 c6 3. Nc3 g6 4. Nf3 Bg7 5. Be2 Qc7 6. h3 e5 7. Be3 Nf6 8. Qd2 h6
9. O-O Nbd7 10. dxe5 dxe5 11. Rfd1 Bf8 12. a3 g5 13. Nh2 Be7 14. b4 a6 15. Bf3
Nf8 16. Na4 N6d7 17. Bg4 b6 18. Nf1 Rb8 19. Ng3 Ng6 20. Bxd7+ Bxd7 21. Bxb6 Qc8
22. Nf5 Bxf5 23. exf5 Qxf5 24. g4 Qe6 25. Bc5 Nf4 26. Qe3 h5 27. Bxe7 Qxe7 28.
Nc5 hxg4 29. Rd7 Qf6 30. Re1 Nxh3+ 31. Kf1 Kf8 32. Ne4 Nf4 33. Ng3 Qh6 34. Qe4
Re8 35. Red1 Qf6 36. R1d6 Ne6 37. Nf5 g3 38. Nxg3 Qf4 39. Qxf4 gxf4 40. Ne4 Rc8
41. Ke1 Rh3 42. Ra7 Rxa3 43. Rdd7 Nd8 44. Nd6 Rb8 45. Nxf7 Nxf7 46. Rxf7+ Kg8
47. Rg7+ Kh8 48. Rh7+ Kg8 49. Rag7+ Kf8 50. Rc7 Kg8 51. Rcg7+ Kf8 52. Rf7+ Kg8
53. Rfg7+ Kf8 54. Rf7+ Kg8 1/2-1/2

[Event "Nordisk Senior Mesterskab 2013"]
[Site "Allinge"]
[Date "2013.09.15"]
[Round "8"]
[White "Kraft, Rene"]
[Black "Wihlborn, Bengt"]
[Result "0-1"]
[WhiteElo "1696"]
[BlackElo "1811"]
[PlyCount "68"]
[EventDate "2013.??.??"]

1. c4 c5 2. Nc3 Nf6 3. b3 g6 4. Bb2 Bg7 5. Nd5 O-O 6. Nf3 d6 7. Nxf6+ exf6 8.
e3 Re8 9. Be2 Nc6 10. O-O Be6 11. a3 Qb6 12. Bc3 Rad8 13. Qc2 d5 14. cxd5 Bxd5
15. Rab1 Rd7 16. Ne1 Red8 17. Bg4 Be6 18. Be2 Bf5 19. d3 Ne5 20. Bxe5 fxe5 21.
e4 Be6 22. b4 Rc8 23. Qb2 c4 24. dxc4 Bxc4 25. Nf3 Bxe2 26. Qxe2 Rc3 27. Rfd1
Rxd1+ 28. Rxd1 Rxa3 29. Qc4 h6 30. h3 Ra6 31. Qc8+ Kh7 32. Rd7 Ra1+ 33. Kh2 Qf6
34. Qxb7 Qf4+ 0-1

[Event "Nordisk Senior Mesterskab 2013"]
[Site "Allinge"]
[Date "2013.09.15"]
[Round "8"]
[White "Lykke, Hans Christian"]
[Black "Nielsen, Jens Holm"]
[Result "0-1"]
[WhiteElo "1252"]
[BlackElo "1847"]
[PlyCount "46"]
[EventDate "2013.??.??"]

1. d4 d5 2. e4 dxe4 3. Nc3 Nf6 4. f3 e3 5. Bxe3 e6 6. Bb5+ c6 7. Bd3 Bb4 8.
Nge2 O-O 9. O-O Nd5 10. Nxd5 exd5 11. c3 Bd6 12. Qc2 g6 13. Bh6 Re8 14. Nf4 Qh4
15. g3 Qxh6 16. Ng2 Nd7 17. c4 dxc4 18. Bxc4 Nb6 19. Bd3 Nd5 20. Bc4 Bh3 21.
Bxd5 cxd5 22. Qb3 Bxg2 23. Kxg2 Re2+ 0-1

[Event "Nordisk Senior Mesterskab 2013"]
[Site "Allinge"]
[Date "2013.09.16"]
[Round "9"]
[White "Olafsson, Fridrik"]
[Black "Sorensen, Bent"]
[Result "1-0"]
[WhiteElo "2407"]
[BlackElo "2257"]
[PlyCount "75"]
[EventDate "2013.??.??"]

1. d4 d5 2. Nf3 e6 3. c4 c6 4. Qc2 Nf6 5. Bg5 h6 6. Bh4 Nbd7 7. e3 Be7 8. Nc3
O-O 9. Bd3 dxc4 10. Bxc4 b5 11. Bd3 Bb7 12. O-O a6 13. Rfd1 Rc8 14. Qe2 c5 15.
dxc5 Rxc5 16. a4 b4 17. Bxf6 Bxf6 18. Ne4 Bxe4 19. Bxe4 Qc7 20. Nd4 Nb8 21. Nb3
Rc4 22. Rac1 Rc8 23. g3 g6 24. Bd3 Rc6 25. Qd2 Kg7 26. Rxc6 Qxc6 27. Rc1 Qd7
28. Qxb4 Nc6 29. Qe4 Bxb2 30. Nc5 Qd6 31. Rc2 Ne5 32. Nb7 Qa3 33. Rxc8 Nxd3 34.
Rd8 Qa1+ 35. Kg2 Ne1+ 36. Kh3 Bf6 37. Rd7 Qb2 38. Qxe6 1-0

[Event "Nordisk Senior Mesterskab 2013"]
[Site "Allinge"]
[Date "2013.09.16"]
[Round "9"]
[White "Sloth, Jorn"]
[Black "Westerinen, Heikki"]
[Result "1-0"]
[WhiteElo "2330"]
[BlackElo "2281"]
[PlyCount "151"]
[EventDate "2013.??.??"]

1. Nf3 Nf6 2. c4 d6 3. Nc3 g6 4. g3 Bg7 5. Bg2 O-O 6. d4 Nc6 7. O-O a6 8. Bg5
h6 9. Bd2 e5 10. d5 Nd4 11. Ne1 Bd7 12. Nd3 Qe7 13. e3 Nf5 14. e4 Nd4 15. Ne2
Nxe2+ 16. Qxe2 Rfe8 17. Rae1 Qd8 18. Kh1 c6 19. Bc3 cxd5 20. cxd5 Bb5 21. Qd2
Nd7 22. Rg1 Qb6 23. Bh3 Nf6 24. f3 Re7 25. Qe3 Qxe3 26. Rxe3 h5 27. Rd1 Bd7 28.
Bxd7 Rxd7 29. Re2 Re8 30. Kg2 Rc7 31. Bb4 Bf8 32. Rdd2 b6 33. Rc2 Rec8 34. Rxc7
Rxc7 35. Bc3 Nd7 36. Nb4 Nb8 37. f4 f6 38. Kf3 a5 39. Nc2 Nd7 40. Na3 Kf7 41.
Nb5 Rc4 42. b3 Rc5 43. a4 Rc8 44. Bb2 Nc5 45. Rc2 exf4 46. gxf4 Re8 47. Bd4
Nxe4 48. Nc7 Re7 49. Bxb6 f5 50. Bxa5 g5 51. Ne6 g4+ 52. Kg2 Nf6 53. Rc8 Bh6
54. Bd8 Rb7 55. Bxf6 Kxf6 56. Rc3 Rb4 57. a5 Rb5 58. a6 Rxd5 59. Nc7 Rd2+ 60.
Kf1 Ra2 61. Rc4 Ra1+ 62. Kf2 Ra2+ 63. Ke3 Ra3 64. Ra4 Rxb3+ 65. Kd4 Bxf4 66.
Nd5+ Kg5 67. a7 Bxh2 68. a8=Q Kh4 69. Qd8+ Kh3 70. Qg5 Be5+ 71. Kc4 Rf3 72.
Qxh5+ Kg2 73. Ra2+ Kg1 74. Rc2 Rf1 75. Ne3 Rf4+ 76. Kd3 1-0

[Event "Nordisk Senior Mesterskab 2013"]
[Site "Allinge"]
[Date "2013.09.16"]
[Round "9"]
[White "Karason, Askell Orn"]
[Black "Nyberg, Ulf"]
[Result "1-0"]
[WhiteElo "2205"]
[BlackElo "2130"]
[PlyCount "77"]
[EventDate "2013.??.??"]

1. c4 e5 2. Nc3 d6 3. Nf3 f5 4. d4 e4 5. Ng5 Be7 6. Nh3 c6 7. g3 Nf6 8. Bg2 O-O
9. O-O Be6 10. d5 Bf7 11. Ng5 Nbd7 12. Nxf7 Rxf7 13. f3 exf3 14. exf3 Ne5 15.
f4 Qb6+ 16. Kh1 Neg4 17. Qf3 cxd5 18. h3 h5 19. hxg4 hxg4 20. Qf2 d4 21. Nb5
Ne4 22. Bxe4 fxe4 23. Qxd4 Qc6 24. Qd5 Rc8 25. Be3 a6 26. Nc3 Qxc4 27. Qxe4 Bf6
28. Qxc4 Rxc4 29. Rac1 b5 30. Nd5 Bxb2 31. Rxc4 bxc4 32. Rf2 Rb7 33. Rc2 Ba3
34. Nb6 Kf7 35. Nxc4 Rb1+ 36. Kg2 Bb4 37. Rc1 Rxc1 38. Bxc1 Ke6 39. Ne3 1-0

[Event "Nordisk Senior Mesterskab 2013"]
[Site "Allinge"]
[Date "2013.09.16"]
[Round "9"]
[White "Johnsen, Gunnar"]
[Black "Kristjansson, Sigurdur"]
[Result "1-0"]
[WhiteElo "2171"]
[BlackElo "1912"]
[PlyCount "73"]
[EventDate "2013.??.??"]

1. d4 Nf6 2. c4 g6 3. Nc3 Bg7 4. e4 d6 5. Nf3 O-O 6. h3 c6 7. Be3 Qc7 8. Be2 e5
9. d5 c5 10. g4 a6 11. a4 b6 12. Nd2 a5 13. h4 Na6 14. Nf1 Nb4 15. Ng3 Qd7 16.
f3 Qe7 17. Qd2 Ne8 18. O-O-O f6 19. Rdg1 Ra7 20. h5 g5 21. h6 Bh8 22. Nb5 Rd7
23. Nf5 Qd8 24. Rh5 Rff7 25. f4 exf4 26. Bxf4 gxf4 27. g5 Kf8 28. Qxf4 Rde7 29.
Nfxd6 f5 30. Nxf7 Kxf7 31. g6+ hxg6 32. Qg5 Nf6 33. Qxg6+ Kf8 34. h7 Rxe4 35.
Qg8+ Ke7 36. Rg7+ Bxg7 37. Qxg7+ 1-0

[Event "Nordisk Senior Mesterskab 2013"]
[Site "Allinge"]
[Date "2013.09.16"]
[Round "9"]
[White "Wihlborn, Bengt"]
[Black "Hvenekilde, Jorgen"]
[Result "1/2-1/2"]
[WhiteElo "1811"]
[BlackElo "2120"]
[PlyCount "29"]
[EventDate "2013.??.??"]

1. Nf3 g6 2. c4 Bg7 3. d4 d6 4. g3 Nf6 5. Bg2 O-O 6. O-O Nc6 7. d5 Na5 8. Nfd2
c6 9. Nc3 cxd5 10. cxd5 Bd7 11. b3 b5 12. Bb2 Rc8 13. e4 b4 14. Ne2 Nb7 15. Rc1
1/2-1/2